00694ntm a22002177a 450000500170000000800410001704000280005808200170008610000370010324500540014026000090019430000270020359000100023065000390024065300230027965500240030277700240032694200080035099900170035895201010037520170827131150.0170802s20?? xx a frb 000 0 eng d aEG-ScBUEbengcEG-ScBUE04222a624bYAM1 aAbo Yaman, Mahmoud Adel Mohamed.10aDesign-project /cMahmoud Adel Mohamed Abo Yaman. c20?? a1 v. :bill. ;c28 cm. anagwa 72BUEshaCivil EngineeringvProjects bENGCIVcAugust2017 vProjects - Students AProjects - Students 2ddc c25431d25403 00102ddc4070aMAINbMAINc2NDd2017-08-17l0o624 YAMp000046685r2025-07-15 00:00:00yPROJST